|
|
|
|
| LEADER |
00911naa a2200241 i 4500 |
| 001 |
acta59896 |
| 005 |
20230630093730.0 |
| 008 |
191017s2008 hu o 1|| eng d |
| 040 |
|
|
|a SZTE Egyetemi Kiadványok Repozitórium
|b hun
|
| 041 |
|
|
|a eng
|
| 100 |
1 |
|
|a Palágyi Kálmán
|
| 245 |
1 |
0 |
|a Preface
|h [elektronikus dokumentum] /
|c Palágyi Kálmán
|
| 260 |
|
|
|a University of Szeged
|b Szeged
|c 2008
|
| 300 |
|
|
|a 3
|
| 490 |
0 |
|
|a Conference of PhD Students in Computer Science
|v 6
|
| 650 |
|
4 |
|a Természettudományok
|
| 650 |
|
4 |
|a Számítás- és információtudomány
|
| 695 |
|
|
|a Számítástechnika - konferencia - előszó
|
| 700 |
0 |
1 |
|a Bánhegyi Balázs
|e aut
|
| 700 |
0 |
1 |
|a Gergely Tamás
|e aut
|
| 700 |
0 |
1 |
|a Matijevics István
|e aut
|
| 711 |
|
|
|a Conference of PhD students in computer science (6.)
|c Szeged
|d 2008. július 2-5.
|
| 856 |
4 |
0 |
|u http://acta.bibl.u-szeged.hu/59896/1/cscs_2008_003.pdf
|z Dokumentum-elérés
|